000 00554cam a2200193 a 4500
020 _a0078821444 (pbk.) :
040 _cOCo
082 0 0 _a005 OSB 1996 A004 Or.
100 1 _aCrumlish, Christian.
245 1 0 _aWeb publishing with Netscape for busy people /
260 _aBerkeley :
_bOsborne/McGraw-Hill,
_cc1996.
300 _axxiii, 279 p. :
_bcol. ill. ;
_c24 cm.
500 _aIncludes index.
650 0 _aWeb sites
650 0 _aWeb site development.
650 0 _aHTML (Document markup language)
700 1 _aHumes, Malcolm.
942 _cEK
999 _c16393
_d16393